| 000 | 01191pam a2200325 a 4500 | ||
|---|---|---|---|
| 001 | 2504585 | ||
| 003 | ARRUPE | ||
| 005 | 20140131140632.0 | ||
| 008 | 920626s1992 nyu 000 0aeng | ||
| 010 | _a 92024101 | ||
| 020 |
_a0883448440 (pbk.) : _c$9.95 |
||
| 040 |
_aDLC _cDLC _dDLC |
||
| 041 | 1 |
_aeng _hita |
|
| 043 | _af-ae--- | ||
| 050 | 0 | 0 |
_aBX4705.C3183 _bA3 1992 |
| 082 | 0 | 0 |
_a271/.79 _aB _220 |
| 100 | 1 |
_aCarretto, Carlo. _97586 |
|
| 240 | 1 | 0 |
_aAbiodh, diario spirituale, 1954-1955. _lEnglish |
| 245 | 1 | 4 |
_aThe desert journal : _ba diary, 1954-55 / _cCarlo Carretto ; translated by Alison Swaisland Bucci. |
| 260 |
_aMaryknoll, N.Y. : _bOrbis Books, _cc1992. |
||
| 300 |
_a191 p. ; _c20 cm. |
||
| 600 | 1 | 0 |
_aCarretto, Carlo _xDiaries. _97587 |
| 610 | 2 | 0 |
_aLittle Brothers of Jesus _xSpiritual life. _97588 |
| 610 | 2 | 0 |
_aSpiritual life _xCatholic Church. _97589 |
| 610 | 2 | 0 |
_aCatholic Church _xMembership. _97590 |
| 650 | 0 |
_aMonks _zAlgeria _xDiaries. _97591 |
|
| 906 |
_a7 _bcbc _corignew _d1 _eocip _f19 _gy-gencatlg |
||
| 942 |
_2lcc _cMONOGRAPH |
||
| 999 |
_c119846 _d119846 |
||